[Event "Saint Louis Winter Blitz"]
[Site "Saint Louis"]
[Date "2023.12.20"]
[Round "10.3"]
[White "Chandra, Akshat"]
[Black "Antipov, Mikhail Al"]
[Result "1/2-1/2"]
[WhiteElo "2486"]
[BlackElo "2607"]
[PlyCount "241"]
[EventDate "2023.12.20"]
[EventType "schev (blitz)"]
[EventRounds "12"]
[EventCountry "USA"]
[SourceTitle "CB52_2023"]
[SourceDate "2023.12.27"]
[SourceVersion "1"]
[SourceVersionDate "2023.12.27"]
[SourceQuality "1"]
[WhiteTeam "Team B"]
[BlackTeam "Team A"]
[WhiteTeamCountry "USA"]
[BlackTeamCountry "USA"]

1. e4 e5 2. Nf3 Nc6 3. Bb5 Nf6 4. d3 Ne7 5. 0-0 c6 6. Ba4 Ng6 7. Re1 Bb4 8. c3 Ba5 9. d4 d6 10. Nbd2 0-0 11. Bc2 Re8 12. h3 Bd7 13. a3 b5 14. dxe5 dxe5 15. b4 Bb6 16. c4 Nh5 17. c5 Bc7 18. Nf1 Nhf4 19. Ng3 a5 20. Be3 axb4 21. axb4 Rxa1 22. Qxa1 Nh4 23. Nxh4 Qxh4 24. Nf5 Qg5 25. g3 Nxh3+ 26. Kh2 Nf4 27. Qd1 Bxf5 28. exf5 Rd8 29. Qf3 Qh5+ 30. Qxh5 Nxh5 31. Be4 Nf6 32. Bxc6 Ng4+ 33. Kg2 g6 34. fxg6 Nxe3+ 35. Rxe3 hxg6 36. Ra3 Rd4 37. Rb3 e4 38. Bxb5 Rd2 39. Bc6 Be5 40. Bxe4 Bd4 41. Rf3 f5 42. Bd5+ Kg7 43. c6 Bb6 44. Bb3 Rb2 45. Kf1 Kf6 46. g4 Ke5 47. gxf5 gxf5 48. Rc3 Rxf2+ 49. Ke1 Kd4 50. c7 Bxc7 51. Rxc7 Rb2 52. Bc2 Rxb4 53. Bxf5 Ke3 54. Re7+ Kf4 55. Bd3 Rd4 56. Ke2 Rd5 57. Rf7+ Ke5 58. Ke3 Kd6 59. Be4 Rd1 60. Rf8 Re1+ 61. Kd4 Rd1+ 62. Bd3 Ke6 63. Ra8 Kd6 64. Ra6+ Kd7 65. Kc4 Ke7 66. Be4 Rd6 67. Ra7+ Ke6 68. Kc5 Rd1 69. Bc6 Rc1+ 70. Kb6 Rb1+ 71. Kc7 Rc1 72. Ra2 Ke5 73. Re2+ Kd4 74. Kd6 Rg1 75. Re4+ Kd3 76. Rh4 Rg8 77. Kc5 Rc8 78. Rh3+ Kd2 79. Rg3 Kc2 80. Kd5 Kd2 81. Bb5 Rd8+ 82. Ke4 Rh8 83. Rd3+ Kc2 84. Ba4+ Kb2 85. Bd1 Re8+ 86. Kf3 Rf8+ 87. Ke3 Re8+ 88. Kd2 Rc8 89. Rb3+ Ka2 90. Rb7 Ka3 91. Be2 Ka4 92. Bd3 Rc5 93. Ke3 Ka5 94. Kd4 Rh5 95. Rb1 Rh4+ 96. Kc3 Rh5 97. Rb8 Rc5+ 98. Kb3 Rg5 99. Kc3 Rc5+ 100. Kd4 Rg5 101. Rb1 Rh5 102. Kc4 Rh4+ 103. Kc3 Rh5 104. Bc4 Rh3+ 105. Kd4 Rh5 106. Bd5 Rh3 107. Kc5 Rc3+ 108. Bc4 Ka4 109. Ra1+ Ra3 110. Rh1 Rc3 111. Rb1 Ka3 112. Kd4 Rh3 113. Bd3 Rh5 114. Kc3 Rh2 115. Rb8 Rh4 116. Ra8+ Ra4 117. Rh8 Rb4 118. Bc4 Rb3+ 119. Kd4 Rb7 120. Rh1 Rc7 121. Kc3 1/2-1/2

[Event "Saint Louis Winter Rapid"]
[Site "Saint Louis"]
[Date "2023.12.19"]
[Round "6.3"]
[White "Antipov, Mikhail Al"]
[Black "Akobian, Varuzhan"]
[Result "1-0"]
[WhiteElo "2607"]
[BlackElo "2576"]
[PlyCount "77"]
[EventDate "2023.12.19"]
[EventType "schev (rapid)"]
[EventRounds "6"]
[EventCountry "USA"]
[SourceTitle "CB52_2023"]
[SourceDate "2023.12.27"]
[SourceVersion "1"]
[SourceVersionDate "2023.12.27"]
[SourceQuality "1"]
[WhiteTeam "Team A"]
[BlackTeam "Team B"]
[WhiteTeamCountry "USA"]
[BlackTeamCountry "USA"]

1. e4 e6 2. d4 d5 3. Nd2 a6 4. Ngf3 c5 5. exd5 exd5 6. Be2 Nc6 7. 0-0 c4 8. b3 cxb3 9. Nxb3 Nf6 10. Re1 Be7 11. Ne5 0-0 12. Nxc6 bxc6 13. Bd3 Bg4 14. f3 Bh5 15. a4 a5 16. Ba3 Bxa3 17. Rxa3 Qd6 18. Nc5 Nd7 19. Rc3 Bg6 20. Bf1 Rfb8 21. Qd2 Rb4 22. Rce3 h6 23. Re8+ Rxe8 24. Rxe8+ Nf8 25. Ra8 Kh7 26. Rxa5 Rb2 27. Qe3 Rxc2 28. Ra7 Ra2 29. a5 Ne6 30. Rd7 Qb8 31. Nxe6 fxe6 32. a6 Ra1 33. Rb7 Qd8 34. h4 Qf6 35. a7 c5 36. dxc5 d4 37. Qd2 d3 38. Rd7 Qe5 39. Qf2 1-0

[Event "Saint Louis Winter"]
[Site "Saint Louis"]
[Date "2023.12.18"]
[Round "5.3"]
[White "Antipov, Mikhail Al"]
[Black "Chandra, Akshat"]
[Result "1/2-1/2"]
[WhiteElo "2607"]
[BlackElo "2486"]
[PlyCount "105"]
[EventDate "2023.12.16"]
[EventType "schev"]
[EventRounds "6"]
[EventCountry "USA"]
[SourceTitle "CB52_2023"]
[SourceDate "2023.12.27"]
[SourceVersion "1"]
[SourceVersionDate "2023.12.27"]
[SourceQuality "1"]
[WhiteTeam "Team A"]
[BlackTeam "Team B"]
[WhiteTeamCountry "USA"]
[BlackTeamCountry "USA"]

1. e4 e5 2. Nf3 Nc6 3. Bc4 Nf6 4. d3 Be7 5. 0-0 0-0 6. Re1 d6 7. a3 a6 8. h3 b5 9. Ba2 h6 10. Nc3 Rb8 11. Nd5 a5 12. c3 Re8 13. Nh2 a4 14. Re3 Be6 15. Rg3 Kf8 16. f4 Bxd5 17. exd5 exf4 18. Bxf4 Ne5 19. Bxe5 dxe5 20. Ng4 Bc5+ 21. Kh1 Rb6 22. Qe2 Nxg4 23. Rxg4 Rf6 24. Rf1 Bd6 25. Rf3 g6 26. c4 h5 27. Re4 Rxf3 28. Qxf3 Qg5 29. Qf2 Qc1+ 30. Re1 Qf4 31. Qxf4 exf4 32. Rxe8+ Kxe8 33. cxb5 Bc5 34. Bb1 Bd4 35. Bc2 Bxb2 36. d6 Kd7 37. dxc7 Kxc7 38. Bxa4 Bxa3 39. Bb3 Kb6 40. Bxf7 Kxb5 41. Bxg6 h4 42. Kg1 Kc5 43. Kf2 Kd4 44. Kf3 Ke5 45. d4+ Kxd4 46. Kxf4 Bd6+ 47. Kg4 Bg3 48. Kf3 Kc5 49. Kg4 Kb6 50. Kf3 Kc5 51. Kg4 Kb6 52. Kf3 Kc5 53. Ke4 1/2-1/2

[Event "Saint Louis Winter"]
[Site "Saint Louis"]
[Date "2023.12.16"]
[Round "1.3"]
[White "Bok, Benjamin"]
[Black "Antipov, Mikhail Al"]
[Result "1-0"]
[WhiteElo "2614"]
[BlackElo "2607"]
[PlyCount "113"]
[EventDate "2023.12.16"]
[EventType "schev"]
[EventRounds "6"]
[EventCountry "USA"]
[SourceTitle "CB52_2023"]
[SourceDate "2023.12.27"]
[SourceVersion "1"]
[SourceVersionDate "2023.12.27"]
[SourceQuality "1"]
[WhiteTeam "Team B"]
[BlackTeam "Team A"]
[WhiteTeamCountry "USA"]
[BlackTeamCountry "USA"]

1. Nf3 d5 2. d4 Nf6 3. c4 e6 4. g3 Bb4+ 5. Bd2 Be7 6. Bg2 0-0 7. 0-0 Nbd7 8. Qc2 c6 9. Rd1 a5 10. Bf4 h6 11. Ne5 g5 12. Be3 Qe8 13. Nd2 Kg7 14. Rac1 Nh5 15. Ndf3 f6 16. Nxd7 Bxd7 17. Bd2 Qg6 18. Qxg6+ Kxg6 19. Ne1 Rfd8 20. Nd3 Ng7 21. Be1 Nf5 22. e3 Kg7 23. Nc5 Bxc5 24. dxc5 Ne7 25. f4 Be8 26. Bc3 Bh5 27. Rf1 g4 28. cxd5 Nxd5 29. Bd4 Bg6 30. a3 Rd7 31. Kf2 Rad8 32. h3 h5 33. hxg4 hxg4 34. Rh1 Ne7 35. Bc3 Rd2+ 36. Bxd2 Rxd2+ 37. Kg1 Nf5 38. Rh2 Nxg3 39. Bxc6 Ne2+ 40. Rxe2 Rxe2 41. Bxb7 Rxb2 42. Bg2 e5 43. fxe5 fxe5 44. c6 Bf5 45. Bd5 Kf6 46. Rf1 Kg5 47. e4 Bc8 48. Rf8 Ba6 49. Ra8 Rb1+ 50. Kf2 Rb2+ 51. Kg1 Rb1+ 52. Kf2 Rb2+ 53. Kg3 Be2 54. c7 Bf3 55. Rg8+ Kh6 56. Rh8+ Kg5 57. Rh2 1-0

[Event "US Masters op"]
[Site "Charlotte"]
[Date "2023.11.24"]
[Round "4"]
[White "Antipov, Mikhail Al"]
[Black "Panchanathan, Magesh Chandran"]
[Result "1-0"]
[WhiteElo "2597"]
[BlackElo "2466"]
[PlyCount "73"]
[EventDate "2023.11.22"]
[EventType "swiss"]
[EventRounds "9"]
[EventCountry "USA"]
[SourceTitle "CB48_2023"]
[SourceDate "2023.11.29"]
[SourceVersion "1"]
[SourceVersionDate "2023.11.29"]
[SourceQuality "1"]

1. e4 e5 2. Nf3 Nc6 3. Bc4 Nf6 4. d3 Be7 5. Nc3 d6 6. a4 0-0 7. a5 a6 8. 0-0 h6 9. Re1 Bg4 10. h3 Bh5 11. Nd5 Nxd5 12. Bxd5 Qd7 13. Nxe5 Bxd1 14. Nxd7 Bxc2 15. Nxf8 Rxf8 16. Ra3 Nb4 17. Bd2 Nxd3 18. Re3 c6 19. Bb3 Bxb3 20. Rxb3 Nc5 21. Rb4 Re8 22. Rg3 Bh4 23. Rg4 Bf6 24. Bxh6 d5 25. f3 dxe4 26. Be3 Be7 27. fxe4 Nd3 28. Rxb7 Ne5 29. Rg3 Bh4 30. Bf2 Bxg3 31. Bxg3 Nc4 32. b4 Re6 33. Rb6 Nd2 34. Rxa6 Nxe4 35. b5 Nxg3 36. b6 Re7 37. Ra7 1-0